F1 General Knowledge Quiz #1 - Statistics

General Stats
  • This quiz has been taken 229 times
  • The average score is 12 of 20
Answer Stats
Hint Answer % Correct
1. What does "F1" stand for? Formula One
100%
3. How many drivers start an F1 race under normal circumstances? 20
99%
2. What color is traditionally associated with Ferrari? Red
99%
4. Which country hosts the Monaco Grand Prix? Monaco
96%
6. Which two drivers hold the record for the most F1 World Drivers' Championships? Michael Schumacher / Lewis Hamilton
95%
5. What is the name of the F1 session that determines the starting grid? Qualifying
91%
7. Which team did Ayrton Senna drive for when he won his first title? McLaren
87%
10. In what year was F1 officialy established as a World Championship? 1950
61%
19. Who was the youngest driver ever to start an F1 race at the time of their debut? Max Verstappen
59%
9. Which circuit is named the "Temple of Speed"? Monza Circuit
59%
13. Which driver survived a fiery crash in the 2020 Bahrain Grand Prix? Romain Grosjean
52%
20. Which circuit hosted the first F1 World Championship race in 1950? Silverstone Circuit
48%
11. Who was the first F1 champion? Giuseppe Farina
41%
16. Which driver scored the first-ever F1 pole position? Juan Manuel Fangio
36%
18. Which engine manufacturer powered Red Bull Racing's 2010 championship-winning car? Renault
35%
17. What was the last year refueling during races was permitted before being banned? 2009
33%
8. What flag signals the end of a session? Chequered flag
28%
14. What is the legal minimum weight of an F1 car (including driver) for the 2025 season? 800 kg
18%
12. Which constructor won the very first F1 Constructors' Championship? Vanwall
18%
15. Which Grand Prix was the first night race in F1 history? Singapore Grand Prix
12%
No matching quizzes found
Score Distribution
Percent of People with Each Score
Percentile by Number Answered
Your Score History
You have not taken this quiz